000
00218nam a22000857a 4500
001
1235307
005
20250930122950.0
245
_a
UZAYDA BİR YATILI OKUL
_c
SUZAN GERİDÖNMEZ
260
_b
GÜNIŞIĞI KİTAPLIĞI YAYINLARI
999
_c
1235307
_d
1235307